Business on a Platter : (Record no. 172108)

MARC details
000 -LEADER
fixed length control field 00599nam a2200181 4500
005 - DATE AND TIME OF LATEST TRANSACTION
control field 20200203125834.0
010 ## - LCCN (DPL NO)
LC control number ENG-127590
020 ## - INTERNATIONAL STANDARD BOOK NUMBER
Terms of availability 550.00
International Standard Book Number 9789350095645
035 ## - SYSTEM CONTROL NUMBER
System control number EN-111122
037 ## - SOURCE OF ACQUISITION
Source of stock number/acquisition DBAD/PUB
082 ## - DEWEY DECIMAL CLASSIFICATION NUMBER
Classification number 647.95
100 ## - MAIN ENTRY--PERSONAL NAME
Personal name Anoothi Vishal
245 ## - TITLE STATEMENT
Title Business on a Platter :
Remainder of title by Anoothi Vishal
Statement of responsibility, etc What Makes Restaurants Sizzle or Fizzle Out/
260 ## - PUBLICATION, DISTRIBUTION, ETC. (IMPRINT)
Place of publication, distribution, etc Gurugram
Name of publisher, distributor, etc Hachette Book Publishing
Date of publication, distribution, etc 2019
270 ## - ADDRESS
Address 4th & 5th Floors, Corporate Centre, Plot no 094, Sec44,
City Gurugram
Postal code 122003
300 ## - PHYSICAL DESCRIPTION
Extent 262p.
Dimensions 21cm(hb)
942 ## - ADDED ENTRY ELEMENTS (KOHA)
Source of classification or shelving scheme Dewey Decimal Classification
Item type English Books
Classification part 647.95
Call number suffix ANO
Holdings
Withdrawn status Lost status Not for loan Collection code Home library Current library Date acquired Source of acquisition Cost, normal purchase price Full call number Barcode Copy number Cost, replacement price Koha item type
      Non-fiction Sarojini Nagar Sarojini Nagar 28/01/2020 DBAD/PUB 550.00 647.95 ANO EN-111122 1 550.00 English Books

© Delhi Public Library
Hit Counter
free hit counter